Tradiciones Peruanas

-д хадгалсан:
Номзүйн дэлгэрэнгүй
Үндсэн зохиолч: Palma, Ricardo (autor)
Формат: Ном
Хэл сонгох:испани
Хэвлэсэн: Ciudad de México Porrua 1975
Хэвлэл:3a. ed
Цуврал:Colección sepan cuántos, 125
Нөхцлүүд:
Шошгууд: Шошго нэмэх
Шошго байхгүй, Энэхүү баримтыг шошголох эхний хүн болох!

MARC

LEADER 00000nam a2200000 a 4500
001 UCY2230
003 CL-VaPUC
008 941017e19750000MX |||||||||||||||||spa|d
082 0 4 |a 398.27  |b PAL  |2 21 
100 |a Palma, Ricardo  |e autor  |9 352070 
245 1 0 |a Tradiciones Peruanas 
250 |a 3a. ed 
300 |a 247 p 
942 |c BK 
945 |d 19941017 00:00:00  |a mfernand 
260 |a Ciudad de México  |b Porrua  |c 1975 
650 7 |a PROSA PERUANA  |2 CL-VaPUC  |9 330274 
650 0 |a Historia  |9 255047 
651 0 |a Perú  |9 256567 
583 |a last modification  |c 19941017 00:00:00  |k Rodrigo Vera 
490 0 |a Colección sepan cuántos, 125 
999 |c 230695  |d 230693 
952 |0 0  |1 0  |4 0  |6 398_270000000000000_PAL_1975  |7 0  |8 P  |9 233170  |a BIBARQ  |b BIBARQ  |d 2019-11-15  |i 3027422  |o 398.27 PAL 1975  |p 3027422  |r 2025-01-20  |w 2019-11-15  |y BK  |k ARQ